[Event "Eastern Asia-ch U12 Girls"]
[Site "Tornelo INT"]
[Date "2021.10.24"]
[Round "7"]
[White "Kaavya, GS."]
[Black "Sachi, Jain"]
[Result "0-1"]
[WhiteElo "1084"]
[BlackElo "1395"]
[PlyCount "76"]
[EventDate "2021.10.22"]
[EventType "swiss"]
[EventRounds "9"]
[EventCountry "NET"]
[SourceTitle "EXT 2023"]
[Source "ChessBase"]
[SourceDate "2022.10.05"]
[SourceVersion "1"]
[SourceVersionDate "2022.10.05"]
[SourceQuality "1"]

1. e4 e5 2. Nf3 Nc6 3. Bc4 Bc5 4. c3 Qe7 5. 0-0 d6 6. h3 Nf6 7. Re1 h6 8. d4 Bb6 9. dxe5 dxe5 10. Nbd2 g5 11. b4 g4 12. hxg4 Nxg4 13. Re2 a6 14. Qb3 Bd7 15. a4 Nd8 16. Ba3 Qf6 17. Rd1 Ne6 18. b5 Nf4 19. Rf1 Nxe2+ 20. Bxe2 axb5 21. Bxb5 Bxb5 22. Qxb5+ Qc6 23. Qb4 0-0-0 24. a5 Ba7 25. Qe7 Qe6 26. Qxe6+ fxe6 27. Nc4 Rhg8 28. Ncxe5 Nxe5 29. Nxe5 Rd2 30. c4 Re2 31. Nf7 Rxe4 32. Nxh6 Rg6 33. Nf7 Rg7 34. Nh6 Rh7 35. Ng8 Reh4 36. g3 Rh1+ 37. Kg2 R7h2+ 38. Kf3 Rxf1 0-1